Me Niego - Reik, Wisin, Ozuna - Estadísticas

Estadísticas generales
  • Esta prueba ha sido intentada 66 veces
  • La puntuación promedio es 297 de 410
Estadísticas de respuestas
Letra % Correcto
a
97%
A
97%
lo
95%
me
95%
Me
95%
niego
95%
que
95%
Que
95%
¿Qué
95%
Qúe
95%
qué
95%
se
95%
95%
y
95%
Y
95%
ya
95%
Es
92%
es
92%
Tu
92%
tu
92%
92%
92%
Mi
89%
mi
89%
89%
no
89%
No
89%
nuestro
89%
perderte
89%
verte
89%
acabó
87%
aceptar
87%
nunca
87%
Si
87%
la
84%
de
82%
De
82%
está
82%
esta
82%
Te
79%
te
79%
el
76%
El
76%
ti
76%
cama
74%
en
74%
más
74%
Jamás
71%
por
71%
Por
71%
¿Por
71%
queda
71%
tus
71%
aún
68%
Aún
68%
difícil
68%
estás
68%
he
68%
mis
68%
olor
68%
quedan
68%
sueños
68%
tenerte
68%
abrir
66%
habla
66%
ojos
66%
retratos
66%
casa
63%
con
63%
deseando
63%
puedo
63%
rincón
63%
silencio
63%
todo
63%
cada
61%
rostro
61%
sigue
61%
trato
61%
vuelvas
61%
asimilar
58%
buscado
58%
desde
58%
Desde
58%
encuentro
58%
hay
58%
hoy
58%
intacto
58%
manera
58%
al
55%
Al
55%
amor
55%
corazón
55%
Daría
55%
daría
55%
espacio
55%
mente
55%
olvidar?
55%
quisiera
55%
tanto
55%
dice
53%
otra
53%
Yo
53%
espera
50%
fuera
50%
hiciste
50%
noche
50%
quieres
50%
Quiero
50%
similar
50%
Ahora
47%
matando
47%
mentira
47%
pensar
47%
Pero
47%
soledad
47%
veo
47%
chica
45%
ese
45%
esto
45%
mientes
45%
mundo
45%
olvidaste
45%
piquete
45%
saber
45%
vida
45%
decir
42%
Duele
42%
será
42%
sobra
42%
volvieras
42%
repente
39%
siente
39%
día
37%
eres
37%
le
37%
contestarás
34%
liquidas?
34%
ropa
34%
Aunque
32%
calor
32%
encima
32%
eso
32%
interior
32%
partida
32%
sacaré
32%
un
32%
Dices
29%
guerra
29%
llamarte
29%
llegar
29%
Llorando
29%
Necesito
29%
necesito
29%
soy
29%
sufrir
29%
vivir
29%
agonía
26%
alejes
26%
despego
26%
mía
26%
podemos
26%
provoqué
26%
regresarás
26%
seas
26%
viviendo
26%
andariego
24%
cierra
24%
círculo
24%
compromiso
24%
digas
24%
entierra
24%
estoy
24%
foto
24%
fuiste
24%
ciego
21%
distraído
21%
dolor
21%
entender
21%
llego
21%
muriendo
21%
tarde
21%
intentarlo
18%
No se encontraron pruebas coincidentes
Distribución de puntuación
Porcentaje de gente con cada puntuación
Porcentaje por número respondido
Historial de tus puntuaciones
No has intentado esta prueba.